Performance of RRII 429 in North East India: A Report (Record no. 64773)

MARC details
000 -LEADER
fixed length control field 00620nam a2200241Ia 4500
100 ## - MAIN ENTRY--AUTHOR NAME
Personal name Dey S.K
245 #0 - TITLE STATEMENT
Title Performance of RRII 429 in North East India: A Report
260 ## - PUBLICATION, DISTRIBUTION, ETC. (IMPRINT)
Name of publisher Rubber Research Institute of India, Kottayam, India.
500 ## - GENERAL NOTE
General note Source Year: 2019
650 ## - SUBJECT ADDED ENTRY--TOPICAL TERM
Topical Term North East India
650 ## - SUBJECT ADDED ENTRY--TOPICAL TERM
Topical Term RRII 429
700 ## - ADDED ENTRY--PERSONAL NAME
Personal name Antony P.D
700 ## - ADDED ENTRY--PERSONAL NAME
Personal name Das G
700 ## - ADDED ENTRY--PERSONAL NAME
Personal name Jacob J
700 ## - ADDED ENTRY--PERSONAL NAME
Personal name Mandal D
700 ## - ADDED ENTRY--PERSONAL NAME
Personal name Meenakumari T
700 ## - ADDED ENTRY--PERSONAL NAME
Personal name Mydin K.K
700 ## - ADDED ENTRY--PERSONAL NAME
Personal name Reju M.J
700 ## - ADDED ENTRY--PERSONAL NAME
Personal name Singh R
856 ## - ELECTRONIC LOCATION AND ACCESS
Uniform Resource Identifier Bibli details only
942 ## - ADDED ENTRY ELEMENTS (KOHA)
Koha item type Journals
Holdings
Withdrawn status Lost status Damaged status Not for loan Home library Current library Shelving location Date acquired Koha item type
      Journals RRII Library RRII Library Botany 01/01/2021 Journals